00587nam a2200169 a 450000100100000000500170001000800410002704000250006808200140009324500640010725000120017126000530018330000230023659000280025995201130028799900170040000004919320201002061726.0190726s1997 dr 000 spa d aDO-SdBNPbspacBNPHU axxxbC669 0aCódigo civil y compendio de legislación complementaria. a9a. ed. aSanto Domingo :bImpresora Soto Castillo,c1997. a645 p. ;c21.5 cm. aInventariado, 2019 / DG 00107-18PDaPDbPDcOId2019-07-26iLF1l0oxxx C669p49194-10r2020-06-25w2020-06-25yLFPDZNo se presta c48681d48681